000 00376 a2200121 4500
001 ART_14592
005 20260410161912.0
008 260409a
245 1 0 _aTesting the integrability of consumer demand functions
100 1 _aJorgenson, Dale W.
700 1 _aConrad, Klaus
773 0 _tEuropean economic review
_g- Vol. 12, NÂș 2 (abr. 1979)
_wREV13346
999 _c26930
_d26930